000 00556nam a2200145 4500
999 _c10156
_d10156
008 180803b ||||| |||| 00| 0 eng d
022 _a2094-8042
082 _aDPer 370.105 M72 June 2010-Mar 2011 v. 59 n. 1-10
100 _929976
_aAcebedo, Rolando Umblas
245 _aAn address to the teachers and parents of kindergarten and nursery graduates/
_cRolando Umblas Acebedo.
260 _aPhilippines;
_bIn The Grade School, Inc.,
_cc2010-2011.
300 _av59 n10, pages 402-403;
_c27cm.
650 0 _929977
_aCommencements
_xSpeech.
942 _2ddc
_cPER